| 000 | 00450nam a22001817a 4500 | ||
|---|---|---|---|
| 005 | 20251209112614.0 | ||
| 008 | 251008b |||||||| |||| 00| 0 eng d | ||
| 020 | _a978-81-908028-5-7 | ||
| 041 | _aeng | ||
| 082 | _a612 KRI-P | ||
| 100 |
_aKRISHNA, DR.A P _98722 |
||
| 245 | _aTEXTBOOK OF PHYSIOLOGY | ||
| 250 | _a9TH ED., 2022 | ||
| 260 |
_aMANGALORE _bSUMAN PUBLICATION |
||
| 300 | _a358;P | ||
| 650 |
_aPARAMEDICAL _xBMIRT _98845 |
||
| 942 | _cBK | ||
| 999 |
_c8896 _d8894 |
||